LEADER 00992nam0 22002531i 450 001 UON00498021 005 20231205105402.82 100 $a20191004d1972 |0itac50 ba 101 $ager 102 $aDE 105 $a|||| ||||| 200 1 $aZeit und Ewigkeit$eStudien zum Wortschatz der geistlichen Texte des Alt - und Frühmittelhochdeutschen$fHarald Burger 210 $aBerlin$aNew York$cDe Gruyter$d1972 215 $aXI, 330 p.$d24 cm. 316 $avalore stimato$5IT-UONSI Fil.GXIII/108 620 $aDE$dBerlin$3UONL003157 700 1$aBURGER$bHarald$3UONV195744$0198687 712 $aDe Gruyter$3UONV248587$4650 801 $aIT$bSOL$c20241115$gRICA 899 $aSIBA - SISTEMA BIBLIOTECARIO DI ATENEO$2UONSI 912 $aUON00498021 950 $aSIBA - SISTEMA BIBLIOTECARIO DI ATENEO$dSI Fil.G XIII 108 $eSI FG 1262 5 108 valore stimato 996 $aZeit und Ewigkeit$91562686 997 $aUNIOR